000 00826cam a2200277 i 4500
003 DO-SdBNP
005 20260223073924.0
007 ta
008 260223b1999 sp ||||| |||| 00| 0 spa d
020 _a8483360764
040 _aDO-SdBNP
_bspa
_cBNPHU
_erda
041 _aspa
082 4 _axxx
_bD724h 1999
_222
100 _aDostoievski, Fiórdor,
_d1821-1881
_eautor
_4aut.
_984452
245 1 4 _aLos hermanos Karamazov :
_bnovela
_cFiórdor Dostoievski
250 _asegunda edición
264 1 _aBuenos Aires, Argentina :
_bEditorial ALBA,
_c1999.
300 _a664 páginas ;
_c22 cm.
336 _atexto
_btxt
_2rdacontent
337 _asin mediación
_bn
_2rdamedia
338 _avolumen
_bnc
_2rdacarrier
490 1 _aGrandes Clásicos
590 _aInventariado, 2026/BT
910 _aBtavárez
942 _2ddc
_cLBS1
999 _c60383
_d60383